000 01535namaa22003251i 4500
005 20260124112525.0
008 260101s1996 ua a|||frm||| 000 0 eng d
040 _aEG-GICUC
_beng
_cEG-GICUC
_dEG-GICUC
_erda
041 0 _aeng
_beng
_bara
049 _aDeposit
097 _aM.Sc
099 _aCai01.10.15.M.Sc.1996.Na.P.
100 0 _aNabil Mohamed Mohamed El-Mokdem,
_epreparation.
245 1 0 _aPharmacological interaction between some antibacterials and certain commonly used drugs /
_cNabil Mohamed Mohamed El-Mokdem; Supervised Prof. Dr. Mohamed Atef Ahmed Shehata, Prof. Dr. Issa Mohamed Shehata, Dr. Nehal Ali Afifi
246 1 5 _aالتداخل الدوائى بين بعض المضادات البكتيرية وبعض الأدوية الشائعة الاستعمال
264 0 _c1996.
300 _a191 Leaves :
_billustrations ;
_c30 cm. +
336 _2rda content
_atext
337 _2rdamedia
_aUnmediated
338 _2rdacarrier
_avolume
502 _aأThesis (M.Sc.)-Cairo University, 1996.
504 _aBibliography: pages 170-191
653 0 _aPharmacolog
_aDrugs
_aAntibacterials
700 0 _aMohamed Atef Ahmed Shehata
_ethesis advisor.
700 0 _aIssa Mohamed Shehata
_ethesis advisor.
700 0 _aNehal Ali Afifi
_ethesis advisor.
900 _DDepartment of Pharmacology
_FFaculty of Veterinary Medicine
_UCairo University
_b1996
_cMohamed Atef Ahmed Shehata
_cIssa Mohamed Shehata
_cNehal Ali Afifi
_dMohamed Atef Ahned Shehata
905 _aNermeen-A
_eNourhan
942 _2ddc
_cTH
_e21
_n0
999 _c177284